书目信息 |
| 题名: |
国外经营奇才四十例
|
|
| 作者: | 黄文湘 撰 ;鼓家旺 编 | |
| 分册: | ||
| 出版信息: | 北京 中国展望出版社 1985 |
|
| 页数: | 305页 | |
| 开本: | 21cm | |
| 丛书名: | ||
| 单 册: | ||
| 中图分类: | K815.3 , C93 | |
| 科图分类: | ||
| 主题词: | 经济学家--传记--国外 , 管理学 | |
| 电子资源: | ||
| ISBN: | ||
| 000 | 00662nam0 2200241 450 | |
| 001 | 1541905384 | |
| 005 | 20150126113840.84 | |
| 091 | @a4271.154@dCNY1.80 | |
| 100 | @a20120227d1985 em y0chiy0110 ea | |
| 101 | 0 | @achi |
| 102 | @aCN@b110000 | |
| 105 | @ay z 000yc | |
| 200 | 1 | @a国外经营奇才四十例@9Guo Wai Jing Ying Qi Cai Si Shi Li@f黄文湘等撰@g鼓家旺编 |
| 210 | @a北京@c中国展望出版社@d1985 | |
| 215 | @a305页@d21cm | |
| 606 | 0 | @a经济学家@x传记@y国外 |
| 606 | 0 | @a管理学 |
| 690 | @aK815.3@v5 | |
| 690 | @aC93@v4 | |
| 701 | 0 | @a黄文湘@9Huang Wen Xiang@4撰 |
| 702 | 0 | @a鼓家旺@9Gu Jia Wang@4编 |
| 801 | 0 | @aCN@bTSSF@c20150126 |
| 905 | @aZUCC@dC93@eJY3 | |
| 国外经营奇才四十例/黄文湘等撰/鼓家旺编.-北京:中国展望出版社,1985 |
| 305页;21cm |
| ISBN : |
| ● |
| 相关链接 |
|
|
|
|
正题名:国外经营奇才四十例
索取号:C93/JY3
 
预约/预借
| 序号 | 登录号 | 条形码 | 馆藏地/架位号 | 状态 | 备注 |
| 1 | 7859852 | 278598527 | 学院路分馆/ [索取号:C93/JY3] | 在馆 | |
| 2 | 7859853 | 278598536 | 学院路分馆/ [索取号:C93/JY3] | 在馆 |